<?xml version="1.0" encoding="UTF-8"?>
<record
    xmlns:xsi="http://www.w3.org/2001/XMLSchema-instance"
    xsi:schemaLocation="http://www.loc.gov/MARC21/slim http://www.loc.gov/standards/marcxml/schema/MARC21slim.xsd"
    xmlns="http://www.loc.gov/MARC21/slim">

  <leader>00699nam a22001937a 4500</leader>
  <datafield tag="999" ind1=" " ind2=" ">
    <subfield code="c">173714</subfield>
    <subfield code="d">173714</subfield>
  </datafield>
  <controlfield tag="005">20200305155217.0</controlfield>
  <datafield tag="010" ind1=" " ind2=" ">
    <subfield code="a">UR-10726</subfield>
  </datafield>
  <datafield tag="020" ind1=" " ind2=" ">
    <subfield code="c">80.00</subfield>
    <subfield code="a">-</subfield>
  </datafield>
  <datafield tag="035" ind1=" " ind2=" ">
    <subfield code="a">U-9281</subfield>
  </datafield>
  <datafield tag="037" ind1=" " ind2=" ">
    <subfield code="b">DBAD/PUB</subfield>
    <subfield code="a">-</subfield>
  </datafield>
  <datafield tag="082" ind1=" " ind2=" ">
    <subfield code="a">844</subfield>
  </datafield>
  <datafield tag="100" ind1=" " ind2=" ">
    <subfield code="a">&#x645;&#x631; &#x62A;&#x628;&#x6C1;:&#x634;&#x631; &#x64A;&#x641; &#x627; &#x62D;&#x645;&#x62F; &#x642;&#x631; &#x64A;&#x634;&#x6CC; </subfield>
  </datafield>
  <datafield tag="245" ind1=" " ind2=" ">
    <subfield code="a"> &#x628;&#x627; &#x642;&#x64A;&#x627; &#x62A; &#x6A9;&#x644;&#x627; &#x645; &#x635;&#x627; &#x628;&#x631; &#x631; &#x627; &#x645; &#x67E;&#x648; &#x631; &#x6CC; </subfield>
    <subfield code="c">&#x645;&#x631; &#x62A;&#x628;&#x6C1;:&#x634;&#x631; &#x64A;&#x641; &#x627; &#x62D;&#x645;&#x62F; &#x642;&#x631; &#x64A;&#x634;&#x6CC; </subfield>
  </datafield>
  <datafield tag="246" ind1=" " ind2=" ">
    <subfield code="b">Baaqyat-e-Kalam-e-Sabir Rampuri(Urdu)</subfield>
    <subfield code="a">by Shareef Ahmed Qureshi </subfield>
  </datafield>
  <datafield tag="260" ind1=" " ind2=" ">
    <subfield code="a">N.Delhi</subfield>
    <subfield code="b">Syed Mahir Hussain</subfield>
    <subfield code="c">2012 &#x621;</subfield>
  </datafield>
  <datafield tag="270" ind1=" " ind2=" ">
    <subfield code="a">Talent Computers,11Palika Market,Nawab Gate,</subfield>
    <subfield code="b">Rampur</subfield>
    <subfield code="e">244901</subfield>
    <subfield code="k">-</subfield>
    <subfield code="l">-</subfield>
  </datafield>
  <datafield tag="300" ind1=" " ind2=" ">
    <subfield code="a">64 &#x635; </subfield>
    <subfield code="c">22 Cm(Hb)</subfield>
  </datafield>
  <datafield tag="942" ind1=" " ind2=" ">
    <subfield code="2">ddc</subfield>
    <subfield code="c">UR</subfield>
    <subfield code="h">841</subfield>
    <subfield code="m">&#x635; &#x627; &#x628; </subfield>
  </datafield>
  <datafield tag="952" ind1=" " ind2=" ">
    <subfield code="0">0</subfield>
    <subfield code="1">0</subfield>
    <subfield code="4">0</subfield>
    <subfield code="7">0</subfield>
    <subfield code="8">NFIC</subfield>
    <subfield code="a">DBAD</subfield>
    <subfield code="b">DBAD</subfield>
    <subfield code="d">2020-03-05</subfield>
    <subfield code="e">DBAD/PUB</subfield>
    <subfield code="g">80.00</subfield>
    <subfield code="l">0</subfield>
    <subfield code="o">841 &#x635; &#x627; &#x628;</subfield>
    <subfield code="p">U-9281</subfield>
    <subfield code="r">2020-03-05 00:00:00</subfield>
    <subfield code="t">1</subfield>
    <subfield code="v">80.00</subfield>
    <subfield code="w">2020-03-05</subfield>
    <subfield code="y">UR</subfield>
  </datafield>
</record>
